[Event "It (open)"]
[Site "masterchessopen.com Baunatal (Germany)"]
[Round "4"]
[White "Meins Gerlef (GER)"]
[Black "Luft Andreas (GER)"]
[Result "1-0"]
[WhiteElo "2426"]
[BlackElo "2287"]

1.d4 Nf6 2.c4 g6 3.Nc3 Bg7 4.e4 d6 5.Be2 O-O 6.Bg5 h6 7.Be3 e5 8.d5 Nbd7 9.Qd2
Nc5 10.f3 Nh5 11.g3 Kh7 12.f4 Nf6 13.Bxc5 dxc5 14.Nf3 Ne8 15.Nxe5 Bxe5 16.fxe5
Qe7 17.Qf4 g5 18.Qe3 b6 19.h4 Rg8 20.e6 fxe6 21.e5 gxh4 22.Bd3+ Kh8 23.Rxh4
Qg7 24.O-O-O exd5 25.Nxd5 Bb7 26.Qf4 Rf8 27.Rxh6+ Kg8 28.Nf6+ {#r} 1-0

[Event "It (open)"]
[Site "masterchessopen.com Baunatal (Germany)"]
[Round "2"]
[White "Meins Gerlef (GER)"]
[Black "Schumacher Dennis (GER)"]
[Result "1-0"]
[WhiteElo "2426"]
[BlackElo "2065"]

1.d4 Nf6 2.c4 g6 3.Nc3 d6 4.e4 Bg7 5.Be2 O-O 6.Bg5 h6 7.Be3 e5 8.d5 Ne8 9.Qd2
Kh7 10.g4 f5 11.exf5 gxf5 12.Bd3 e4 13.Bc2 Qh4 14.gxf5 Bxf5 15.O-O-O Nd7 16.f4
Nef6 17.Nf3 Qh5 18.Nd4 Rae8 19.Rdg1 a6 20.Bd1 Bg4 21.Rxg4 Nxg4 22.h3 Bxd4
23.Bxd4 Rg8 24.Qe1 Qf7 25.hxg4 Nc5 26.Rxh6+ {#r} 1-0

[Event "It (a)"]
[Site "masterchessopen.com Budapest (Hungary)"]
[Round "8"]
[White "Mont-Reynaud Jordy (USA)"]
[Black "Eriksson Johan (SWE)"]
[Result "0-1"]
[WhiteElo "2255"]
[BlackElo "2369"]

1.d4 Nf6 2.c4 g6 3.Nc3 Bg7 4.e4 d6 5.Be2 O-O 6.Bg5 h6 7.Be3 e5 8.d5 Nbd7 9.h4
Nc5 10.Qc2 a5 11.h5 g5 12.f3 c6 13.g4 cxd5 14.cxd5 Bd7 15.Bxc5 dxc5 16.a4 Rc8
17.Nb1 c4 18.Na3 c3 19.bxc3 Nxd5 20.exd5 e4 21.Nb1 exf3 22.Bxf3 f5 23.Ne2 Qb6
24.Ra3 fxg4 25.Be4 Qf2+ 26.Kd1 g3 27.Qd2 Rce8 28.Bg6 g2 29.Re1 Bg4 30.Bxe8
Rxe8 31.Ra2 Rxe2 32.Qxe2 Bxe2+ 33.Raxe2 g1=Q {#R} 0-1

[Event "Zt"]
[Site "masterchessopen.com Budapest (Hungary)"]
[Round "8"]
[White "Polak Tomas (CZE)"]
[Black "Nevednichy Vladislav (ROM)"]
[Result "0-1"]
[WhiteElo "2499"]
[BlackElo "2582"]

1.d4 Nf6 2.c4 d6 3.Nc3 g6 4.e4 Bg7 5.Be2 O-O 6.Bg5 h6 7.Be3 Nbd7 8.h3 c5 9.d5
b5 10.cxb5 a6 11.bxa6 Qa5 12.Qd2 Kh7 13.Rb1 Nb6 14.f3 Nfd7 15.f4 Bxa6 16.Bxa6
Bxc3 17.Qxc3 Qxc3+ 18.bxc3 Rxa6 19.Nf3 f5 20.Nd2 Nf6 21.exf5 Nfxd5 22.fxg6+
Kxg6 23.Bf2 Nxf4 24.O-O Ne2+ 25.Kh2 Nxc3 26.Rbe1 Nbd5 27.Nf3 Rxa2 28.Bxc5 dxc5
29.Nh4+ Kg7 30.Nf5+ Kh7 31.Nxe7 Rxf1 32.Rxf1 Nxe7 33.Rf7+ Kg6 34.Rxe7 Nd5
35.Re6+ Kf5 36.Rxh6 Nf4 37.Rc6 Rxg2+ 38.Kh1 Rc2 39.h4 Kg4 40.Kg1 Kf3 {#R} 0-1

[Event "It (open)"]
[Site "masterchessopen.com Dieren (Netherlands)"]
[Round "1"]
[White "Van Beek Lucien (NED)"]
[Black "Garner David (ENG)"]
[Result "1-0"]
[WhiteElo "2416"]
[BlackElo "2159"]

1.d4 Nf6 2.c4 g6 3.Nc3 Bg7 4.e4 d6 5.Be2 O-O 6.Bg5 h6 7.Be3 e5 8.d5 a5 9.h4 h5
10.f3 Na6 11.Qd2 Nc5 12.Nh3 a4 13.Nf2 Bd7 14.g4 Qe7 15.Bg5 Kh7 16.gxh5 gxh5
17.Nd3 Rg8 18.Nxc5 dxc5 19.f4 Qd6 20.f5 Be8 21.O-O-O Ng4 22.Bxg4 hxg4 23.f6
Bxf6 24.Qg2 Bd7 25.Nb5 Bxb5 26.Qxg4 Rg6 27.cxb5 a3 28.Qf5 axb2+ 29.Kb1 Kg7
30.Rdf1 Rf8 31.Rh3 c4 32.Rhf3 Bxg5 33.hxg5 Qe7 34.Qh3 Rxg5 35.Rh1 {#r} 1-0

[Event "It (open)"]
[Site "masterchessopen.com Dubai (United Arab Emirates)"]
[Round "1"]
[White "Anastasian Ashot (ARM)"]
[Black "Abdul Majeed Mohamad (UAE)"]
[Result "1-0"]
[WhiteElo "2571"]
[BlackElo "2291"]

1.c4 Nf6 2.d4 g6 3.Nc3 Bg7 4.e4 d6 5.Be2 O-O 6.Bg5 h6 7.Be3 e5 8.d5 a5 9.h4 h5
10.f3 Na6 11.Qd2 Nc5 12.O-O-O Nh7 13.g4 f5 14.exf5 gxf5 15.g5 b6 16.Nh3 Ba6
17.f4 e4 18.Nf2 Qe8 19.Rhe1 Na4 20.Nxa4 Qxa4 21.Kb1 Bxc4 22.Bxc4 Qxc4 23.Nh1
a4 24.Ng3 Ra5 25.Nxh5 Bh8 26.Qc1 Qxc1+ 27.Kxc1 Rb5 28.Re2 Ra8 29.Ng3 a3 30.b3
Rxb3 31.axb3 a2 32.Kd2 a1=Q 33.Rxa1 Rxa1 34.Nxf5 Rh1 35.Bf2 Rh2 36.Bd4 {#r}
1-0

[Event "It (open) \"]
[Site "masterchessopen.com Eforie Nord (Romania)"]
[Round "0"]
[White "Raceanu Valentin (ROM)"]
[Black "Nanu Ciprian-Costica (ROM)"]
[Result "1-0"]
[WhiteElo "2277"]
[BlackElo "2342"]

1.d4 Nf6 2.c4 g6 3.Nc3 Bg7 4.e4 d6 5.Be2 O-O 6.Bg5 h6 7.Be3 e5 8.d5 c5 9.g4
Qa5 10.f3 h5 11.Nh3 hxg4 12.Ng5 b5 13.fxg4 Bh6 14.O-O Qd8 15.Qc1 b4 16.Nd1
Nxg4 17.Bxg4 Bxg4 18.Nxf7 Rxf7 19.Rxf7 Kxf7 20.Bxh6 Nd7 21.Nf2 Qh4 22.Bg5 Qh5
23.a3 b3 24.h4 Rf8 25.Qd2 Kg8 26.Re1 Nb6 27.Qd3 Rf3 28.Re3 Rxe3 29.Qxe3 Bd1
30.Qh3 Qf3 31.Qe6+ Kg7 32.Qe7+ {#r} 1-0

[Event "Ch Finland (team) 1999/00"]
[Site "masterchessopen.com Finland"]
[Round "6"]
[White "Norri Joose (FIN)"]
[Black "Paavilainen Jorma (FIN)"]
[Result "1-0"]
[WhiteElo "2408"]
[BlackElo "2274"]

1.d4 Nf6 2.c4 g6 3.Nc3 Bg7 4.e4 O-O 5.Be2 d6 6.Bg5 h6 7.Be3 e5 8.d5 Nbd7 9.Qd2
Nc5 10.f3 a5 11.O-O-O h5 12.h4 Nh7 13.g4 f5 14.gxf5 gxf5 15.Nh3 f4 16.Bf2 b6
17.Rdg1 Qe7 18.Rg6 Kh8 19.Bf1 Bd7 20.Rhg1 Bf6 21.Ng5 Rg8 22.Rh6 Bxg5 23.hxg5
Kg7 24.Rxh5 Be8 25.Rhh1 Bg6 26.Bxc5 bxc5 27.Qh2 Kf8 28.Qh6+ Qg7 29.Nb5 Ke8
30.Bh3 Qxh6 31.gxh6 {#r} 1-0

[Event "Bayern Regionalliga Southwest 1999/00"]
[Site "masterchessopen.com Germany"]
[Round "7"]
[White "Aicher Hans"]
[Black "Kneifel Stefan (SUI)"]
[Result "0-1"]
[WhiteElo "1865"]
[BlackElo "2119"]

1.d4 Nf6 2.c4 g6 3.Nc3 Bg7 4.e4 d6 5.Be2 O-O 6.Bg5 h6 7.Be3 e5 8.d5 a5 9.Qd2
Kh7 10.h4 Na6 11.f3 Nh5 12.Kf2 f5 13.f4 exf4 14.Bd4 Ng3 15.Bxg7 Nxh1+ 16.Kf3
Qxh4 17.Qxf4 Qf2# 0-1

[Event "Ch MV "]
[Site "masterchessopen.com Germany"]
[Round "7"]
[White "Brack Peter (GER)"]
[Black "Valet Richard (GER)"]
[Result "0-1"]
[WhiteElo "2094"]
[BlackElo "2148"]

1.d4 Nf6 2.c4 g6 3.Nc3 Bg7 4.e4 d6 5.Be2 O-O 6.Bg5 h6 7.Bf4 c5 8.d5 a6 9.Nf3
Nbd7 10.Qd2 Kh7 11.O-O Ng4 12.Ne1 Nge5 13.Rc1 g5 14.Be3 Ng6 15.a3 Nde5 16.b4
b6 17.Nf3 Ng4 18.bxc5 bxc5 19.Bd3 Nxe3 20.Qxe3 Kh8 21.g3 Bh3 22.Rfe1 Rb8
23.Nb1 Qd7 24.Bc2 Rb2 25.Nc3 Ne5 26.Nxe5 Bxe5 27.Qd3 f5 28.Rb1 Rxb1 29.Bxb1 f4
30.Rc1 fxg3 31.hxg3 Qg4 32.Qe2 Rf3 33.Bd3 Bxg3 34.fxg3 Rxg3+ 35.Kf2 Qf4+ {#R}
0-1

[Event "Oberliga East A 2000/01"]
[Site "masterchessopen.com Germany"]
[Round "3"]
[White "Neyman Igor (GER)"]
[Black "Wildenrath Dirk (GER)"]
[Result "0-1"]
[WhiteElo "2255"]
[BlackElo "2229"]

1.d4 Nf6 2.c4 g6 3.Nc3 Bg7 4.e4 d6 5.Be2 O-O 6.Bg5 h6 7.Be3 c6 8.f3 Nbd7 9.g4
e5 10.d5 cxd5 11.cxd5 Nh7 12.h4 f5 13.h5 fxg4 14.hxg6 Ng5 15.fxg4 Nc5 16.Qc2
Qf6 17.b4 Na6 18.Bxa6 bxa6 19.Qg2 Bxg4 20.Qxg4 Qf1+ 21.Kd2 Qxa1 22.Bxg5 Rac8
23.Nge2 Qxh1 24.Be7 Qf3 25.Qe6+ Kh8 26.Bxd6 Rfe8 27.Qf7 Qxf7 28.gxf7 Red8
29.Be7 Rd7 30.d6 Rxd6+ 31.Nd5 Rd7 32.Ng3 Kh7 33.Nf5 Kg6 34.Nxg7 Kxg7 35.Bf6+
Kxf7 36.Bxe5 Ke6 37.Bd4 Rc4 38.Kd3 Rc1 39.Be3 Rh1 {#R} 0-1

[Event "It (open)"]
[Site "masterchessopen.com Guben (Germany)"]
[Round "6"]
[White "Meduna Eduard (CZE)"]
[Black "Mantau Jan (GER)"]
[Result "1-0"]
[WhiteElo "2482"]
[BlackElo "2151"]

1.d4 Nf6 2.c4 g6 3.Nc3 Bg7 4.e4 d6 5.Be2 O-O 6.Bg5 h6 7.Be3 Nc6 8.Qd2 h5 9.d5
Ne5 10.h3 e6 11.f4 Ned7 12.dxe6 fxe6 13.O-O-O b5 14.cxb5 a6 15.Nf3 axb5
16.Bxb5 Bb7 17.Ng5 Re8 18.g4 c6 19.Be2 d5 20.e5 Nh7 21.Nxh7 Kxh7 22.gxh5 c5
23.Qc2 {#r} 1-0

[Event "Ch Helsinki"]
[Site "masterchessopen.com Helsinki (Finland)"]
[Round "4"]
[White "Raivio Yrjo (FIN)"]
[Black "Pihlajasalo Hannu (FIN)"]
[Result "0-1"]
[WhiteElo "2141"]
[BlackElo "2239"]

1.d4 Nf6 2.c4 g6 3.Nc3 Bg7 4.e4 d6 5.Be2 O-O 6.Bg5 h6 7.Be3 c5 8.d5 e6 9.Nf3
exd5 10.exd5 Ng4 11.Bd2 f5 12.h3 Nf6 13.O-O Ne4 14.Bd3 Nxd2 15.Qxd2 a6 16.Rae1
Nd7 17.b3 Nf6 18.Nh4 Kh7 19.g3 Nd7 20.f4 Nf6 21.Kh2 Bd7 22.Re3 Re8 23.Rfe1 Nh5
24.Rxe8 Bxe8 25.Nd1 Bd7 26.Qe2 Nxf4 27.Qf3 Nxd3 28.Qxd3 Qf6 {#R} 0-1

[Event "Cup Yugoslavia"]
[Site "masterchessopen.com Herceg Novi (Montenegro)"]
[Round "7"]
[White "Beliavsky Alexander G (SLO)"]
[Black "Nevednichy Vladislav (ROM)"]
[Result "0-1"]
[WhiteElo "2654"]
[BlackElo "2582"]

1.d4 Nf6 2.c4 d6 3.Nc3 g6 4.e4 Bg7 5.Be2 O-O 6.Bg5 h6 7.Be3 Nbd7 8.Qd2 c5 9.d5
Kh7 10.g4 b5 11.cxb5 a6 12.f3 Qa5 13.a4 Nb6 14.Ra3 Nfd7 15.Nd1 Qb4 16.a5 Nc4
17.Bxc4 Qxc4 18.b6 f5 19.gxf5 gxf5 20.Qe2 Ne5 21.Qxc4 Nxc4 22.Ra4 Nxe3 23.Nxe3
Bd7 24.Rc4 Bb5 25.Rc2 fxe4 26.h4 Bd4 27.Rc3 Rf4 28.Rh3 Raf8 29.Rb3 Ba4 30.Ra3
Bd7 31.Rg3 exf3 32.Kf2 Rxh4 33.Nxf3 Be5 34.Rg2 Rb4 35.Nc2 Rxb2 36.Ke1 Rb1+
37.Kd2 Bb2 38.Rd3 c4 39.Rd4 Rxf3 40.Rxc4 Bb5 {#R} 0-1

[Event "Olympiad"]
[Site "masterchessopen.com Istanbul (Turkey)"]
[Round "2"]
[White "Campos Eugenio (ANG)"]
[Black "Ferrufino Boris (BOL)"]
[Result "1-0"]
[WhiteElo "2238"]
[BlackElo "2146"]

1.d4 Nf6 2.c4 g6 3.Nc3 Bg7 4.e4 d6 5.Be2 O-O 6.Bg5 h6 7.Be3 Na6 8.Qd2 Kh7 9.h3
c5 10.d5 Nc7 11.g4 b5 12.cxb5 a6 13.g5 hxg5 14.Nf3 Nxb5 15.Nxg5+ Kg8 16.h4 Qa5
17.Rc1 Ng4 18.Rh2 Ne5 19.f4 f6 20.fxe5 fxg5 21.e6 Nd4 22.Bxd4 Rf7 23.Bf6 Rxf6
{#r} 1-0

[Event "Olympiad (w)"]
[Site "masterchessopen.com Istanbul (Turkey)"]
[Round "10"]
[White "Hoang Thanh Trang (HUN)"]
[Black "Khegai Angela (SIN)"]
[Result "1-0"]
[WhiteElo "2489"]
[BlackElo "2234"]

1.d4 Nf6 2.c4 g6 3.Nc3 Bg7 4.e4 d6 5.Be2 O-O 6.Bg5 h6 7.Be3 Nbd7 8.f3 c5 9.d5
a6 10.a4 Qa5 11.Bd2 Ne5 12.f4 Ned7 13.Nf3 Qc7 14.O-O e6 15.dxe6 fxe6 16.Nh4
Kh7 17.e5 dxe5 18.Qc2 e4 19.Nxe4 Nxe4 20.Qxe4 Bd4+ 21.Be3 Bxe3+ 22.Qxe3 Rf6
23.Rad1 Nf8 24.Qc3 Rf7 25.Nf3 Nd7 26.Ne5 Rg7 27.Ng4 Rf7 28.Qe3 Nf6 29.f5 Nxg4
30.fxg6+ Kxg6 31.Qe4+ Kg7 32.Qxg4+ Kf8 33.Rxf7+ Kxf7 34.Rf1+ Ke7 35.Qg7+ Kd6
36.Rd1+ Kc6 37.Bf3+ {#r} 1-0

[Event "It (open)"]
[Site "masterchessopen.com Kaluga (Russia)"]
[Round "0"]
[White "Kalichkin Igor (RUS)"]
[Black "Mozin Alecsandr (RUS)"]
[Result "1-0"]
[WhiteElo "2243"]
[BlackElo "2219"]

1.d4 Nf6 2.c4 g6 3.Nc3 Bg7 4.e4 d6 5.Be2 O-O 6.Bg5 h6 7.Be3 e5 8.d5 Nbd7 9.Qd2
Kh7 10.f3 a5 11.Bd3 Nc5 12.Nge2 Ng8 13.g4 Qf6 14.Ng1 Qe7 15.O-O-O Bd7 16.Nge2
a4 17.Bc2 Rfb8 18.h4 Qe8 19.Bxc5 dxc5 20.d6 c6 21.Bxa4 b5 22.Bb3 Be6 23.cxb5
Bxb3 24.axb3 cxb5 25.h5 g5 26.Ng3 Qc6 27.Qd5 Qd7 28.Nf5 Bf6 29.Kc2 b4 30.Ne2
Qe6 31.Qxe6 fxe6 32.Ne3 Ra6 33.Nc4 Kg7 34.Nc1 Kf8 35.Nd3 {#r} 1-0

[Event "Ch Russia (juniors) (under 18)"]
[Site "masterchessopen.com Neftekamsk (Russia)"]
[Round "4"]
[White "Kartsev Alex (RUS)"]
[Black "Baranov Sergei (RUS)"]
[Result "1-0"]
[WhiteElo "2191"]
[BlackElo "2067"]

1.d4 Nf6 2.c4 g6 3.Nc3 Bg7 4.e4 d6 5.Be2 O-O 6.Bg5 h6 7.Be3 Nc6 8.d5 Ne5 9.f4
Ned7 10.Nf3 c5 11.Qd2 Ng4 12.Bg1 a6 13.h3 Ngf6 14.Bf2 Rb8 15.a4 Ne8 16.O-O
Ndf6 17.Bd3 Qc7 18.e5 Nh7 19.Rae1 f5 20.exf6 exf6 21.Bxg6 Bd7 22.Qd3 f5 23.Re7
Nef6 24.Rfe1 b5 25.Bxf5 Bxf5 26.Qxf5 Qd8 27.Qg6 Ne8 28.Bh4 Ng5 29.Bxg5 Kh8
30.Rxg7 Nxg7 31.Bxd8 Rbxd8 32.Re7 {#r} 1-0

[Event "Ch World (juniors) (under 14) (g)"]
[Site "masterchessopen.com Oropesa (Spain)"]
[Round "10"]
[White "Dzagnidze Nana (GEO)"]
[Black "Huang Qian (CHN)"]
[Result "1-0"]
[WhiteElo "2179"]
[BlackElo "2421"]

1.d4 Nf6 2.c4 g6 3.Nc3 Bg7 4.e4 d6 5.Be2 O-O 6.Bg5 h6 7.Be3 e5 8.d5 Nbd7 9.Qd2
Kh7 10.g4 Ne8 11.h4 a5 12.h5 g5 13.Nh3 Nc5 14.f3 Bd7 15.O-O Nf6 16.Nf2 b6
17.Rab1 Rg8 18.b3 Bf8 19.Kg2 Be7 20.Rh1 Qc8 21.a3 a4 22.b4 Nb7 23.Qd3 Kh8
24.Bd1 Rf8 {#r} 1-0

[Event "Ch Peru (regional)"]
[Site "masterchessopen.com Peru"]
[Round "0"]
[White "Hernandez Ivan (CUB)"]
[Black "Benitez Anibal (CUB)"]
[Result "1-0"]
[WhiteElo "2195"]
[BlackElo "2080"]

1.c4 Nf6 2.Nc3 g6 3.d4 Bg7 4.e4 d6 5.Be2 O-O 6.Bg5 h6 7.Be3 e5 8.d5 Ne8 9.Qd2
Kh7 10.g4 f5 11.gxf5 gxf5 12.exf5 Bxf5 13.Nf3 Nf6 14.Rg1 Ng4 15.Ng5+ hxg5
16.Bxg4 Nd7 17.Bxf5+ Rxf5 18.Qc2 Qf8 19.Rxg5 {#r} 1-0

[Event "It (open)"]
[Site "masterchessopen.com Sant Boi (Spain)"]
[Round "5"]
[White "Hernando Rodrigo Julio A (ESP)"]
[Black "Ruiz Bravo Alfonso (ESP)"]
[Result "1-0"]
[WhiteElo "2323"]
[BlackElo "2098"]

1.d4 Nf6 2.c4 g6 3.Nc3 Bg7 4.e4 d6 5.Be2 O-O 6.Bg5 h6 7.Be3 e5 8.d5 Nbd7 9.Qd2
Kh7 10.g4 Ng8 11.h4 f5 12.gxf5 gxf5 13.exf5 Ndf6 14.Nh3 Bxf5 15.Ng5+ hxg5
16.hxg5+ Kg6 17.gxf6 Nxf6 18.Bh6 Ng4 19.Bxg7 Kxg7 20.Bxg4 Bxg4 21.Qh6+ Kf7
22.Qh7+ {#r} 1-0

[Event "It (open)"]
[Site "masterchessopen.com St. Lo (France)"]
[Round "2"]
[White "Decosse Jean-Fabien (FRA)"]
[Black "Calotescu Ana-Cristina (ROM)"]
[Result "1-0"]
[WhiteElo "2208"]
[BlackElo "2222"]

1.d4 Nf6 2.c4 g6 3.Nc3 Bg7 4.e4 d6 5.Be2 O-O 6.Bg5 h6 7.Be3 e5 8.d5 a5 9.h4 h5
10.f3 Bd7 11.Nh3 Na6 12.Qd2 Nc5 13.Nf2 Qb8 14.Nd3 Nxd3+ 15.Qxd3 Ne8 16.g4 Nf6
17.O-O-O a4 18.Kb1 Re8 19.Rdg1 c6 20.g5 Nh7 21.c5 dxc5 22.Bxc5 Nf8 23.Bb6 Ra6
24.Qe3 Ra8 25.Rc1 Bc8 26.dxc6 bxc6 27.Qc5 Bb7 28.Rhd1 Ne6 29.Qd6 Qxd6 30.Rxd6
Bf8 31.Rd7 Bc8 32.Rd2 a3 33.b3 Rb8 34.Na4 Bb7 35.Bc4 Nf4 36.Rd7 {#r} 1-0

[Event "Ch Russia (juniors) (under 14) (g)"]
[Site "masterchessopen.com Toljatti (Russia)"]
[Round "0"]
[White "Garaeva Gulnara (RUS)"]
[Black "Komarishkina Julia (RUS)"]
[Result "1-0"]
[WhiteElo "2153"]
[BlackElo "2027"]

1.d4 Nf6 2.c4 g6 3.Nc3 Bg7 4.e4 d6 5.Be2 O-O 6.Bg5 h6 7.Be3 e5 8.d5 Nbd7 9.b4
Ne8 10.g4 f5 11.gxf5 gxf5 12.exf5 e4 13.Nxe4 Bxa1 14.Qxa1 Qe7 15.Ng3 Ndf6
16.Bxh6 Ng7 17.Nf3 Kh7 18.Qd4 Bd7 19.Ng5+ Kg8 20.Ne6 Bxe6 21.fxe6 Nfe8 22.Rg1
Kh8 23.Nh5 Rg8 24.Bxg7+ Nxg7 25.Rg6 Kh7 26.Bd3 Nf5 27.Rxg8 Kxg8 28.Bxf5 Rf8
29.Qg4+ Kh8 30.Nf4 {#r} 1-0

[Event "Ch Russia (juniors) (under 14) (g)"]
[Site "masterchessopen.com Toljatti (Russia)"]
[Round "0"]
[White "Nikolaeva Alexandra (RUS)"]
[Black "Kineva Ekaterina (RUS)"]
[Result "1-0"]
[WhiteElo "2202"]
[BlackElo "2142"]

1.d4 Nf6 2.c4 g6 3.Nc3 Bg7 4.e4 O-O 5.Be2 d6 6.Bg5 h6 7.Be3 c5 8.d5 e6 9.Qd2
exd5 10.exd5 h5 11.h3 Re8 12.Nf3 a6 13.a4 Nbd7 14.O-O Nh7 15.Rfe1 Ne5 16.Bf4
f6 17.Nxe5 dxe5 18.Be3 Bf8 19.Bd3 f5 20.f3 b6 21.Bf2 Kh8 22.Bg3 Bd6 23.Re2 h4
24.Bf2 g5 25.a5 Bd7 26.Qc2 Rf8 27.axb6 Qxb6 28.Na4 Qc7 29.b4 Bxa4 30.Rxa4 cxb4
31.c5 b3 32.Qc4 Rac8 33.cxd6 Qxd6 34.Qxb3 Rce8 35.Rxa6 Qd8 36.Bc5 Rf7 37.d6
Rf6 38.Qd5 Qd7 39.Rxe5 Kg7 40.Ra7 {#r} 1-0

[Event "It (open)"]
[Site "masterchessopen.com Witley (England)"]
[Round "1"]
[White "Bekker-Jensen Anne (DEN)"]
[Black "Deva Chetan (ENG)"]
[Result "0-1"]
[WhiteElo "2040"]
[BlackElo "2096"]

1.d4 Nf6 2.c4 g6 3.Nc3 Bg7 4.e4 d6 5.Be2 O-O 6.Bg5 h6 7.Be3 e5 8.d5 c6 9.f3
Nh5 10.Qd2 Qh4+ 11.Bf2 Qe7 12.Be3 Qh4+ 13.Bf2 Qf6 14.g3 Nd7 15.dxc6 bxc6
16.O-O-O Nb6 17.Qxd6 Be6 18.Bxb6 axb6 19.Qxc6 Qg5+ 20.Kb1 Qe3 21.Nd5 Qf2
22.Bf1 Bxd5 23.Qxd5 Rfd8 24.Qxd8+ Rxd8 25.Rxd8+ Kh7 26.Bh3 Nf6 27.g4 Nxe4
28.Rd1 Nd2+ {#R} 0-1

[Event "Ch Poland (team)"]
[Site "masterchessopen.com Zakopane (Poland)"]
[Round "3"]
[White "Palus Ryszard (POL)"]
[Black "Blehm Pawel (POL)"]
[Result "0-1"]
[WhiteElo "2228"]
[BlackElo "2510"]

1.d4 Nf6 2.c4 g6 3.Nc3 Bg7 4.e4 d6 5.Be2 O-O 6.Bg5 h6 7.Be3 Nbd7 8.Qd2 c5 9.d5
Kh7 10.Nf3 a6 11.a4 Qa5 12.O-O Ng4 13.Bf4 Nge5 14.Nxe5 Nxe5 15.Qc2 f5 16.exf5
Bxf5 17.Ne4 Qb4 18.f3 Nd7 19.Rab1 b5 20.b3 bxa4 21.bxa4 Qa5 22.Rb7 Rab8 23.Bd2
Qd8 24.Rfb1 Rxb7 25.Rxb7 Qc8 26.Rb1 Bd4+ 27.Kh1 Ne5 28.Rb6 Qe8 29.Rxa6 Qf7
30.h3 Rb8 31.Bc1 Nd7 32.g4 Bxe4 33.Qxe4 Qf6 34.Bd3 Ne5 35.f4 Qh4 36.Bf1 Rb3
37.Qg2 Rg3 38.Qh2 Nf3 {#R} 0-1

[Event "It (open)"]
[Site "masterchessopen.com Zurich (Switzerland)"]
[Round "5"]
[White "Raetsky Alexander (RUS)"]
[Black "Safranska Anda (LAT)"]
[Result "1-0"]
[WhiteElo "2425"]
[BlackElo "2337"]

1.d4 Nf6 2.c4 g6 3.Nc3 Bg7 4.e4 d6 5.Be2 O-O 6.Bg5 h6 7.Be3 Nbd7 8.Qd2 c5
9.dxc5 Nxc5 10.f3 Kh7 11.O-O-O Be6 12.Kb1 Nfd7 13.Nh3 Ne5 14.Bd4 Bxh3 15.gxh3
Ne6 16.Be3 Rc8 17.Nd5 Nxc4 18.Bxc4 Rxc4 19.Bxa7 Qe8 20.Rc1 b5 21.Be3 Qd7
22.Nb6 Rxc1+ 23.Rxc1 Qb7 24.Nd5 f5 25.a3 fxe4 26.fxe4 Rf3 27.Rg1 b4 28.axb4
Nf8 29.Rc1 Ne6 30.Qg2 Rf7 31.Qg4 Nf8 32.Qc8 e6 33.Qxb7 Rxb7 34.Rc7 Rb8 35.Bd4
e5 36.Ba7 Rb5 37.Nf6+ Kh8 38.Ne8 Ne6 39.Re7 Kg8 40.Rxe6 {#r} 1-0

[Event "Staatsliga B West 1999/00"]
[Site "masterchessopen.com Austria"]
[Date "2000.01.22"]
[Round "7"]
[White "Koenig Dietrich (GER)"]
[Black "Reich Thomas (GER)"]
[Result "0-1"]
[WhiteElo "2327"]
[BlackElo "2378"]

1.d4 g6 2.c4 Nf6 3.Nc3 Bg7 4.e4 d6 5.Be2 O-O 6.Bg5 h6 7.Be3 e5 8.d5 Nbd7 9.Qd2
Nc5 10.f3 a5 11.Bd1 c6 12.Nge2 cxd5 13.cxd5 Bd7 14.a4 Qb6 15.O-O Rfc8 16.Ra3
Be8 17.Nc1 h5 18.Be2 Qd8 19.Bb5 Nfd7 20.Nd3 Nxd3 21.Bxd3 Nc5 22.Bb5 Bd7 23.Rc1
f5 24.Bxc5 Rxc5 25.Bxd7 Qxd7 26.Nb5 Rxc1+ 27.Qxc1 Rc8 28.Rc3 Rxc3 29.Qxc3 fxe4
30.fxe4 Bh6 31.h3 Qd8 32.g3 h4 33.g4 Qf8 34.Nc7 Qc8 35.Ne6 Qxc3 36.bxc3 b5
37.Nc7 bxa4 38.Nb5 Bc1 {#R} 0-1

[Event "Tournament (weekend) (a)"]
[Site "masterchessopen.com Ceriano Laghetto I(Ttaly)"]
[Date "2000.02.05"]
[Round "1"]
[White "Tramalloni Luca (ITA)"]
[Black "Everet Alexandro (ITA)"]
[Result "0-1"]
[WhiteElo "2064"]
[BlackElo "2348"]

1.d4 Nf6 2.c4 g6 3.Nc3 Bg7 4.e4 d6 5.Be2 O-O 6.Bg5 h6 7.Be3 Kh8 8.Qd2 Ng8 9.h4
e6 10.O-O-O c6 11.Nh3 Bd7 12.g4 b5 13.g5 h5 14.cxb5 cxb5 15.Bd3 e5 16.Ne2 Bxh3
17.Bxb5 Bg2 {#R} 0-1

[Event "Ch Romania (juniors) (under 20) (g)"]
[Site "masterchessopen.com Calimanesti (Romania)"]
[Date "2000.05.05"]
[Round "3"]
[White "Tutulan Mihaela (ROM)"]
[Black "Voicu Carmen (ROM)"]
[Result "0-1"]
[WhiteElo "2024"]
[BlackElo "2184"]

1.d4 Nf6 2.c4 g6 3.Nc3 Bg7 4.e4 d6 5.Be2 O-O 6.Bg5 h6 7.Be3 c5 8.d5 e6 9.Qd2
exd5 10.exd5 Kh7 11.Nf3 Bg4 12.O-O-O Nbd7 13.Bf4 Bxf3 14.gxf3 Ne8 15.h4 a6
16.Bd3 f5 17.Rde1 Ne5 18.Bxe5 dxe5 19.Qc2 Nd6 20.f4 e4 21.Bf1 b5 22.h5 g5
23.fxg5 hxg5 24.h6 Bd4 25.Qe2 Qa5 26.Qd2 b4 27.Ne2 e3 28.fxe3 Ne4 29.Qd3 b3
30.Nxd4 bxa2 {#R} 0-1

[Event "It (open)"]
[Site "masterchessopen.com Imperia (Italy)"]
[Date "2000.09.08"]
[Round "7"]
[White "De Santis Alessio (ITA)"]
[Black "Faraci Antonino (ITA)"]
[Result "1-0"]
[WhiteElo "2309"]
[BlackElo "2111"]

1.d4 Nf6 2.c4 g6 3.Nc3 Bg7 4.e4 d6 5.Be2 O-O 6.Bg5 h6 7.Be3 e5 8.d5 a6 9.Qd2
Kh7 10.f3 Ng8 11.O-O-O Nd7 12.h4 f5 13.h5 f4 14.hxg6+ Kxg6 15.Bf2 Ndf6 16.Bd3
Ne7 17.Nge2 b5 18.cxb5 axb5 19.Bxb5 Ba6 20.Bxa6 Rxa6 21.Kb1 Qa8 22.g3 fxg3
23.Rdg1 Kf7 24.Rxg3 Rg8 25.Be3 h5 26.Bg5 Rh8 27.Rgh3 Neg8 28.Ng3 Qa7 29.Be3
Bh6 30.Bxh6 Rxh6 31.Nxh5 Nxh5 32.Rxh5 Rxh5 33.Rxh5 Qg1+ 34.Kc2 Rb6 35.Rh7+ Ke8
36.Qh2 Qe3 37.Rh8 Kf8 38.Qg2 {#r} 1-0

[Event "Olympiad"]
[Site "masterchessopen.com Istanbul (Turkey)"]
[Date "2000.10.29"]
[Round "2"]
[White "Campos Eugenio (ANG)"]
[Black "Ferrufino Boris (BOL)"]
[Result "1-0"]
[WhiteElo "2238"]
[BlackElo "2146"]

1.d4 Nf6 2.c4 g6 3.Nc3 Bg7 4.e4 d6 5.Be2 O-O 6.Bg5 h6 7.Be3 Na6 8.Qd2 Kh7 9.h3
c5 10.d5 Nc7 11.g4 b5 12.cxb5 a6 13.g5 hxg5 14.Nf3 Nxb5 15.Nxg5+ Kg8 16.h4 Qa5
17.Rc1 Bg4 18.Bxg4 Nxg4 19.h5 gxh5 20.Rxh5 Ne5 21.f4 f6 22.fxe5 fxg5 23.e6 Nd4
24.Bxd4 cxd4 25.Rxg5 dxc3 26.Rxc3 Rf6 {#r} 1-0

[Event "Staatsliga B East 2001/02"]
[Site "masterchessopen.com Austria"]
[Round "5"]
[White "Schroll Gerhard (AUT)"]
[Black "Stoppel Franz (AUT)"]
[Result "1-0"]
[WhiteElo "2379"]
[BlackElo "2160"]

1.d4 Nf6 2.c4 g6 3.Nc3 Bg7 4.e4 d6 5.Be2 O-O 6.Bg5 h6 7.Be3 e5 8.d5 Na6 9.Qd2
Nc5 10.f3 Kh7 11.Bd1 a5 12.Nge2 Ng8 13.Bc2 f5 14.exf5 Qh4+ 15.Bf2 Qxc4
16.fxg6+ Kh8 17.b3 Qa6 18.O-O b5 19.Ne4 Nxe4 20.Bxe4 Bd7 21.Rac1 Qb7 22.a3 Nf6
23.Be3 Ne8 24.Rc2 b4 25.a4 Rc8 26.Rfc1 {#r} 1-0